000
00303nam a22001337a 4500
999
_c
41244
_d
41244
003
OSt
005
20210408143704.0
008
210408b ||||| |||| 00| 0 eng d
040
_c
oclc
100
_9
8576
_a
Govindan Master K K
245
_a
Abhijnana Sakundalam
300
_a
140 pages
942
_2
ddc
_c
BK